50 Greatest Movies Quiz - Statistics

General Stats
  • This quiz has been taken 1,020 times
  • The average score is 12 of 50
Answer Stats
Number Year Movie % Correct
1. 1972 The Godfather
85%
22. 1977 Star Wars: Episode IV - A New Hope
60%
19. 1974 The Godfather: Part II
53%
4. 1994 The Shawshank Redemption
53%
18. 1942 Casablanca
51%
31. 1939 Gone With The Wind
47%
9. 1994 Pulp Fiction
47%
28. 1941 Citizen Kane
42%
6. 1990 Goodfellas
42%
15. 2008 The Dark Knight
40%
5. 1975 Jaws
39%
3. 1980 Star Wars: Episode V - The Empire Strikes Back
37%
45. 1960 Psycho
36%
47. 1982 E.T.
34%
16. 1968 2001: A Space Odyssey
33%
44. 1993 Schindler's List
33%
17. 1976 Taxi Driver
32%
10. 1999 Fight Club
30%
7. 1979 Apocalypse Now
29%
2. 1981 Raiders Of The Lost Ark
28%
11. 1980 Raging Bull
27%
33. 1979 Alien
24%
23. 1985 Back To The Future
24%
39. 1999 The Matrix
22%
40. 1958 Vertigo
22%
37. 1971 A Clockwork Orange
21%
34. 2003 The Lord Of The Rings: The Return Of The King
20%
24. 2001 The Lord Of The Rings: The Fellowship Of The Ring
18%
8. 1952 Singin' In The Rain
17%
46. 1954 On The Waterfront
16%
25. 1967 The Good The Bad And The Ugly
16%
20. 1982 Blade Runner
15%
27. 1959 Some Like It Hot
15%
30. 1986 Aliens
14%
13. 1974 Chinatown
14%
26. 1964 Dr. Strangelove
14%
35. 1991 Terminator 2: Judgment Day
13%
12. 1960 The Apartment
13%
29. 1988 Die Hard
10%
50. 1954 Seven Samurai
10%
14. 1968 Once Upon A Time In The West
9%
32. 1969 Butch Cassidy And The Sundance Kid
7%
38. 1995 Heat
6%
21. 1949 The Third Man
6%
43. 1998 The Big Lebowski
5%
49. 1987 Evil Dead 2
2%
41. 1959 The 400 Blows
2%
36. 1969 Andrei Rublev
1%
42. 1949 Kind Hearts And Coronets
1%
48. 1984 This Is Spinal Tap
1%
No matching quizzes found
Score Distribution
Percent of People with Each Score
Percentile by Number Answered
Your Score History
You have not taken this quiz